[Event "Tourn. n8047"]
[Site "www.chess-mail.com"]
[Date "2015.02.26"]
[Round "1"]
[White "Rons"]
[Black "Faerieking"]
[WhiteElo "2520"]
[BlackElo "2250"]
[Result "1-0"]
[Round "1"]
1.e4 e5
2.Ng1f3 f5
3.Bf1c4 fxe4
4.Nf3xe5 d5
5.Qd1h5 g6
6.Ne5xg6 hxg6
7.Qh5xg6 Kd7
8.Bc4xd5 Ng8f6
9.Nb1c3 Qd8e7
10.b3 Rh8h6
11.Qg6f7 c6
12.Qf7xe7 Bf8xe7
13.Bd5xe4 Nf6xe4
14.Nc3xe4 Rh6e6
15.d3 Be7b4
16.Bc1d2 Nb8a6
17.h4 b6
18.h5 Bc8b7
19.O-O-O Bb4xd2
20.Kxd2 c5
21.f3 Ra8g8
22.g4 Bb7xe4
23.dxe4 Re6d6
24.Kc1 Na6b4
25.Rd1xd6 Kxd6
26.h6 Nb4xa2
27.Kb2 Na2b4
28.g5 Rg8h8
29.g6 { resign }
1-0

[Event "Tourn. n7982"]
[Site "www.chess-mail.com"]
[Date "2015.02.26"]
[Round "1"]
[White "Hansen"]
[Black "Uliczny2"]
[WhiteElo "1470"]
[BlackElo "1550"]
[Result "1-0"]
[Round "1"]
1.e4 e5
2.Nb1c3 Ng8f6
3.Bf1c4 Nb8c6
4.Ng1f3 Bf8c5
5.d4 exd4
6.Nc3b5 O-O
7.Bc1f4 d6
8.Bc4d5 Rf8e8
9.e5 Nf6xd5
10.Bf4g5 Nc6e7
11.exd6 cxd6
12.O-O Bc8d7
13.Nb5xd4 Bd7g4
14.Nd4b5 Qd8b6
15.Nb5c3 Nd5xc3
16.bxc3 f6
17.Bg5f4 Ra8d8
18.h3 Bg4h5
19.Ra1b1 Qb6c7
20.Rf1e1 Qc7c6
21.Qd1d3 Bh5xf3
22.gxf3 Ne7d5
23.Re1xe8 { resign }
1-0

[Event "Tourn. n8025"]
[Site "www.chess-mail.com"]
[Date "2015.02.26"]
[Round "1"]
[White "Roserl"]
[Black "Blackpool"]
[WhiteElo "1950"]
[BlackElo "1880"]
[Result "1/2-1/2"]
[Round "1"]
1.e4 e5
2.Ng1f3 Ng8f6
3.Nf3xe5 d6
4.Ne5f3 Nf6xe4
5.Nb1c3 Ne4xc3
6.dxc3 Bf8e7
7.Bf1c4 O-O
8.O-O c6
9.Bc4d3 Be7f6
10.Bc1f4 d5
11.Qd1d2 Nb8d7
12.Rf1e1 Nd7c5
13.h3 Nc5xd3
14.cxd3 Bc8f5
15.d4 Rf8e8
16.Re1xe8 Qd8xe8
17.Ra1e1 Qe8d7
{ draw }
1/2-1/2

[Event "Tourn. n8069"]
[Site "www.chess-mail.com"]
[Date "2015.02.26"]
[Round "1"]
[White "Obisporey"]
[Black "Krasin"]
[WhiteElo "2480"]
[BlackElo "2310"]
[Result "1-0"]
[Round "1"]
1.e4 d6
2.d4 Ng8f6
3.Nb1c3 g6
4.Bc1e3 Bf8g7
5.Qd1d2 O-O
6.O-O-O Nf6g4
7.Be3g5 h6
8.Bg5h4 c6
9.f4 b5
10.h3 b4
11.hxg4 bxc3
12.Qd2xc3 c5
13.Qc3h3 Nb8c6
14.d5 Nc6b4
15.Qh3a3 Bc8xg4
16.Ng1f3 Qd8c7
17.c3 a5
18.Bf1c4 Rf8b8
19.cxb4 cxb4
20.Qa3d3 b3
21.axb3 a4
22.Kd2 axb3
23.Ke2 Rb8b4
24.Bc4xb3 Qc7b6
25.Bh4f2 Qb6a6
26.Qd3xa6 Ra8xa6
27.Rd1d3 Rb4xe4
28.Bf2e3 Ra6b6
29.Rh1h4 h5
30.Rh4xg4 hxg4
31.Nf3d2 Re4xe3
32.Rd3xe3 { resign }
1-0

[Event "Tourn. n8110"]
[Site "www.chess-mail.com"]
[Date "2015.02.26"]
[Round "1"]
[White "Uliczny2"]
[Black "Willbest500"]
[WhiteElo "1510"]
[BlackElo "1499"]
[Result "0-1"]
[Round "1"]
1.e4 e5
2.Ng1f3 g6
3.Bf1c4 d6
4.d4 Nb8c6
5.dxe5 dxe5
6.Bc1e3 Bf8g7
7.Qd1xd8 Kxd8
{ resign }
0-1

[Event "Tourn. n8102"]
[Site "www.chess-mail.com"]
[Date "2015.02.26"]
[Round "1"]
[White "Kesalon"]
[Black "Neo"]
[WhiteElo "1699"]
[BlackElo "1710"]
[Result "0-1"]
[Round "1"]
1.e4 e6
2.d4 c6
3.Ng1f3 d5
4.Nb1c3 Bf8b4
5.exd5 cxd5
6.Bf1b5 Bc8d7
7.Bb5xd7 Nb8xd7
8.O-O Ng8f6
9.Bc1g5 O-O
10.Rf1e1 Qd8c8
11.Qd1d3 Nf6e4
12.Bg5d2 Nd7f6
13.a3 Bb4xc3
14.bxc3 a6
15.Ra1b1 b5
16.Nf3g5 Ne4xd2
17.Qd3xd2 Nf6e4
18.Ng5xe4 dxe4
19.Re1xe4 Qc8c6
20.Re4e5 Rf8d8
21.Qd2e3 Rd8d5
22.h3 Rd5xe5
23.dxe5 Ra8d8
24.f4 Qc6c4
25.Qe3b6 Qc4c8
26.Rb1b3 Rd8d1
27.Kh2 Rd1d2
28.Rb3b2 Qc8a8
29.Qb6g1 Qa8e4
30.a4 Qe4xf4
31.Kh1 Qf4xe5
32.axb5 Qe5xc3
33.Qg1b6 Rd2d1
34.Kh2 Qc3e5
{ resign }
0-1

[Event "Match"]
[Site "www.echecsemail.com"]
[Date "2015.02.26"]
[Round "1"]
[White "Harrytheking"]
[Black "Llord"]
[WhiteElo "1730"]
[BlackElo "1700"]
[Result "1-0"]
[Round "1"]
1.c4 e5
2.e4 Nb8c6
3.Ng1f3 Ng8f6
4.Nb1c3 Bf8b4
5.d3 O-O
6.a3 Bb4xc3
7.bxc3 d6
8.Bf1e2 Bc8g4
9.O-O Nc6a5
10.Bc1e3 h6
11.h3 Bg4h5
12.Qd1a4 b6
13.Rf1e1 Nf6d7
14.d4 exd4
15.cxd4 c5
16.d5 Bh5xf3
17.Be2xf3 Nd7e5
18.Bf3e2 Qd8f6
19.Qa4c2 Rf8e8
20.Be3d2 Ne5g6
21.Bd2c3 Qf6g5
22.Bc3d2 Qg5f6
23.Be2d3 Ng6e5
24.Bd3e2 Ne5d7
25.Bd2c3 Qf6g6
26.Be2d3 Nd7e5
27.Bd3f1 Ne5f3
28.Kh1 Nf3xe1
29.Bc3xe1 Qg6xe4
30.Bf1d3 Qe4e5
31.Be1c3 Qe5g5
32.Bc3d2 Qg5d8
33.Bd3h7 Kf8
34.Bh7f5 g6
35.Bd2xh6 Kg8
36.Qc2c3 f6
37.Bf5xg6 Re8e2
38.Qc3d3 Re2xf2
39.Bg6h7 Kf7
40.Qd3g6 { resign }
1-0

[Event "Match"]
[Site "www.echecsemail.com"]
[Date "2015.02.26"]
[Round "1"]
[White "F14"]
[Black "Uliczny2"]
[WhiteElo "1699"]
[BlackElo "1510"]
[Result "1-0"]
[Round "1"]
1.e4 e5
2.d4 exd4
3.c3 dxc3
4.Nb1xc3 Nb8c6
5.Ng1f3 Bf8b4
6.Bc1d2 Ng8e7
7.Nc3b5 Bb4xd2
8.Qd1xd2 O-O
9.Bf1e2 d6
10.O-O Bc8g4
11.Nf3d4 Bg4xe2
12.Nd4xe2 a6
13.Nb5d4 { resign }
1-0

[Event "Match"]
[Site "www.echecsemail.com"]
[Date "2015.02.26"]
[Round "1"]
[White "Gambitmiau"]
[Black "Generalfree"]
[WhiteElo "1780"]
[BlackElo "1850"]
[Result "0-1"]
[Round "1"]
1.e4 e5
2.d4 exd4
3.Bf1c4 Nb8c6
4.a3 a6
5.Bc4xf7 Kxf7
6.Qd1f3 Ng8f6
7.Ng1h3 h6
8.e5 Nc6xe5
9.Qf3b3 d5
10.Nh3f4 g5
11.Nf4d3 Ne5xd3
12.Qb3xd3 c5
13.O-O Bf8d6
14.c4 dxc3
15.Nb1xc3 d4
16.Nc3e2 Qd8c7
17.f4 c4
18.Qd3g3 d3
19.Ne2c3 Bc8f5
20.Qg3f3 g4
21.Qf3e3 Bd6c5
22.b4 Bc5xe3
23.Bc1xe3 Ra8e8
24.Be3d4 Re8d8
25.Bd4c5 d2
26.Rf1f2 Bf5c2
27.Rf2e2 Qc7xf4
28.Ra1f1 Qf4g5
29.Re2e7 Kg6
30.Bc5e3 Qg5h4
31.Re7e6 d1Q
32.Nc3xd1 Rd8xd1
33.Be3d4 Rd1xd4
34.g3 Qh4g5
35.Rf1f2 Rd4d1
{ resign }
0-1

[Event "Match"]
[Site "www.echecsemail.com"]
[Date "2015.02.26"]
[Round "1"]
[White "Canario"]
[Black "Harrytheking"]
[WhiteElo "1700"]
[BlackElo "1730"]
[Result "1-0"]
[Round "1"]
1.e4 b6
2.Ng1f3 d6
3.Nb1c3 c6
4.d4 h6
5.h3 e6
6.Bf1d3 Bc8a6
7.Qd1e2 Ba6xd3
8.Qe2xd3 Ng8e7
9.Bc1f4 Ne7g6
10.Bf4h2 Bf8e7
11.d5 e5
12.O-O O-O
13.Nc3e2 c5
14.Ne2g3 Nb8d7
15.Ng3f5 Ng6f4
16.Bh2xf4 exf4
17.Qd3d2 Be7f6
18.c3 Nd7e5
19.Qd2xf4 Ne5d3
20.Qf4d2 c4
21.Nf3d4 Bf6xd4
22.cxd4 Rf8e8
23.f3 a5
24.b3 b5
25.Nf5e3 Qd8g5
26.bxc4 bxc4
27.Ne3xc4 Qg5xd2
28.Nc4xd2 Nd3f4
29.Nd2c4 Nf4e2
30.Kf2 Ne2xd4
31.Nc4xd6 Re8d8
32.Nd6c4 Nd4c2
33.Ra1c1 Nc2b4
34.a3 Nb4d3
35.Kg1 Nd3xc1
36.Rf1xc1 a4
37.Nc4e3 g6
38.Rc1c6 h5
39.Ne3c4 Ra8b8
40.Kh2 Rb8b1
41.e5 Rd8xd5
42.f4 Rd5d1
43.Kg3 Rb1b3
44.Kh4 Rd1g1
45.g4 hxg4
46.hxg4 Rg1h1
47.Kg5 Kg7
48.Rc6a6 Rb3d3
49.Ra6xa4 Rd3d5
50.Ra4a7 Rh1h8
51.a4 Rd5c5
52.Nc4d6 Rh8f8
53.a5 Rf8d8
54.Nd6xf7 Rd8b8
55.Nf7d8 Kg8
56.Nd8e6 Rc5c8
57.Kxg6 Rc8e8
58.Ne6g5 Rb8a8
59.Ra7g7 { resign }
1-0

[Event "Match"]
[Site "www.echecsemail.com"]
[Date "2015.02.26"]
[Round "1"]
[White "Supernovae"]
[Black "Darknight"]
[WhiteElo "1850"]
[BlackElo "1750"]
[Result "1-0"]
[Round "1"]
1.e4 e5
2.Ng1f3 d6
3.d4 exd4
4.Nf3xd4 c5
5.Nd4f3 a6
6.Nb1c3 h6
7.Bc1f4 Bc8e6
8.Bf1d3 Nb8c6
9.O-O g5
10.Bf4g3 Be6g4
11.h3 Bg4h5
12.Bd3e2 Ng8f6
13.e5 Nf6d7
14.exd6 Qd8a5
15.Rf1e1 O-O-O
16.Be2c4 g4
17.hxg4 Bh5xg4
18.Nc3d5 Nc6d4
19.c3 Nd4c6
20.Qd1d3 Bg4xf3
21.Qd3xf3 Nd7b6
22.Nd5xb6 Qa5xb6
23.Qf3xf7 Kb8
24.d7 Ka7
25.Bg3h4 Rd8a8
26.Re1e8 Bf8d6
27.Ra1e1 Qb6c7
28.Re8xa8 Rh8xa8
29.Re1e8 Nc6d8
30.Bh4xd8 Ra8xd8
31.Bc4e6 Bd6h2
32.Kh1 Bh2e5
33.Qf7g8 Qc7d6
34.g3 Be5f6
35.Re8xd8 Bf6xd8
36.Qg8xd8 Qd6xe6
37.Qd8e8 Qe6d5
38.Kh2 Qd5d2
39.Kh3 Qd2xf2
40.d8Q Qf2f1
41.Kh4 Qf1c4
42.g4 Qc4f1
43.Qd8a8 Kb6
44.Qe8d8 Kb5
45.Qa8xb7 Kc4
46.Qb7b3 
1-0

[Event "Tourn. n7952"]
[Site "www.chess-mail.com"]
[Date "2015.02.27"]
[Round "1"]
[White "Nimzo"]
[Black "Woodpusher2"]
[WhiteElo "2670"]
[BlackElo "2510"]
[Result "1-0"]
[Round "1"]
1.d4 Ng8f6
2.c4 e6
3.Ng1f3 d5
4.Nb1c3 c6
5.e3 Nb8d7
6.Bf1d3 dxc4
7.Bd3xc4 b5
8.Bc4d3 a6
9.e4 c5
10.e5 cxd4
11.Nc3xb5 axb5
12.exf6 gxf6
13.O-O Qd8b6
14.Qd1e2 b4
15.Rf1d1 Bf8c5
16.a4 bxa3
17.bxa3 Bc8b7
18.Bd3e4 Ra8d8
19.Ra1b1 Bb7a6
20.Qe2c2 Qb6a7
21.Bc1b2 e5
22.Nf3h4 Rd8b8
23.Nh4f5 Rh8g8
24.Bb2c1 Rb8xb1
25.Qc2xb1 Qa7b6
26.Bc1d2 d3
27.Qb1xb6 Bc5xb6
28.Rd1b1 Bb6c5
29.Bd2a5 Rg8g4
30.Be4c6 Bc5a7
31.Ba5d2 Kd8
32.h3 Rg4g5
33.Bd2xg5 fxg5
34.Bc6b7 Ba6c4
35.Rb1c1 Nd7c5
36.Rc1xc4 Nc5xb7
37.Kf1 Kd7
38.Rc4b4 Nb7c5
39.f3 h5
40.Ke1 Kc7
41.h4 f6
42.g4 { resign }
1-0

[Event "Tourn. n8071"]
[Site "www.chess-mail.com"]
[Date "2015.02.27"]
[Round "1"]
[White "Gorgo"]
[Black "Blackpool"]
[WhiteElo "2019"]
[BlackElo "2030"]
[Result "1-0"]
[Round "1"]
1.b4 c6
2.Ng1f3 d5
3.Bc1b2 Ng8f6
4.e3 e6
5.a3 a5
6.b5 Bf8d6
7.Bf1e2 O-O
8.O-O Qd8e7
9.d4 Nb8d7
10.Nf3e5 c5
11.Nb1d2 cxd4
12.exd4 Nd7b6
13.Be2d3 Bc8d7
14.a4 Rf8c8
15.c4 dxc4
16.Nd2xc4 Nb6xc4
17.Bd3xc4 Rc8c7
18.Ra1c1 Ra8c8
19.b6 Rc7c6
20.Ne5xc6 Bd7xc6
21.d5 exd5
22.Bb2xf6 Qe7xf6
23.Bc4xd5 { resign }
1-0

[Event "Tourn. n7961"]
[Site "www.chess-mail.com"]
[Date "2015.02.27"]
[Round "1"]
[White "Falcoale"]
[Black "Julian"]
[WhiteElo "1870"]
[BlackElo "1940"]
[Result "1-0"]
[Round "1"]
1.e4 c5
2.Ng1f3 d6
3.d4 cxd4
4.Nf3xd4 Ng8f6
5.Nb1c3 a6
6.Bf1d3 h6
7.h3 b5
8.Bc1e3 Bc8b7
9.f3 Nb8d7
10.Qd1d2 e5
11.Nd4f5 d5
12.O-O-O d4
13.Nf5xd4 exd4
14.Be3xd4 Bf8e7
15.Rh1f1 O-O
16.Kb1 Nd7b6
17.Bd4xb6 Qd8xb6
18.g4 Rf8d8
19.Qd2g2 Ra8c8
20.g5 hxg5
21.Rf1g1 Nf6h5
22.Nc3d5 Bb7xd5
23.exd5 Nh5f4
24.Qg2g4 Nf4xd3
25.Rd1xd3 f5
26.Qg4g2 Be7f6
27.h4 Qb6c5
28.hxg5 Bf6xg5
29.Rd3c3 Qc5xg1
30.Qg2xg1 Bg5f6
31.Rc3d3 Rc8c4
32.d6 a5
33.Qg1b6 Rd8e8
34.Rd3d1 Rc4d4
35.Rd1f1 Re8d8
36.Qb6xb5 Rd8xd6
37.Qb5e8 Kh7
38.c3 Rd4h4
39.Qe8b5 Rh4h5
40.Qb5xa5 g6
41.Qa5c7 { resign }
1-0

[Event "Tourn. n7965"]
[Site "www.chess-mail.com"]
[Date "2015.02.27"]
[Round "1"]
[White "Osopanda"]
[Black "Cardiff"]
[WhiteElo "2010"]
[BlackElo "2070"]
[Result "1/2-1/2"]
[Round "1"]
1.c4 e5
2.Nb1c3 Nb8c6
3.Ng1f3 d6
4.e4 Bc8g4
5.Bf1e2 Bg4xf3
6.Be2xf3 Ng8f6
7.d3 Bf8e7
8.O-O O-O
9.h3 Nc6d4
10.Bc1e3 Nd4e6
11.Rf1e1 c6
12.Nc3e2 Qd8d7
13.d4 exd4
14.Ne2xd4 Ne6xd4
15.Be3xd4 c5
16.Bd4c3 Qd7c7
17.e5 dxe5
18.Bc3xe5 Qc7c8
19.Qd1b3 Nf6d7
20.Be5g3 Be7f6
21.Ra1d1 Nd7b6
22.Bf3g4 Qc8c6
23.Rd1d6 Qc6a4
24.Qb3f3 Nb6xc4
25.Rd6xf6 gxf6
26.Qf3xf6 Rf8e8
27.Re1xe8 Ra8xe8
28.Bg4h5 Qa4d7
29.Bh5g4 Qd7c6
30.Qf6g5 Qc6g6
31.Qg5xc5 Nc4b6
32.Bg4f5 Qg6c6
33.Qc5d4 Qc6c4
34.Qd4f6 Re8e1
35.Kh2 Qc4f1
36.Bg3e5 Re1xe5
37.Qf6xe5 Qf1xf2
38.h4 Qf2xh4
39.Kg1 Qh4d8
40.Bf5c2 Nb6c4
41.Qe5h2 Qd8d4
42.Kh1 Qd4xb2
43.Qh2xh7 Kf8
44.Bc2b3 Qb2c1
45.Kh2 Qc1f4
46.Kh3 Nc4e5
47.Qh7h5 Ne5g6
48.Bb3c2 Qf4f1
49.Bc2xg6 fxg6
50.Qh5xg6 Qf1f7
51.Qg6xf7 Kxf7
52.Kg3 b5
53.Kf3 a5
54.Ke4 b4
55.Kd4 a4
56.Kd3 Kf6
{ draw }
1/2-1/2

[Event "Tourn. n8105"]
[Site "www.chess-mail.com"]
[Date "2015.02.27"]
[Round "1"]
[White "Vitoriccardo"]
[Black "T9l9"]
[WhiteElo "1609"]
[BlackElo "1499"]
[Result "0-1"]
[Round "1"]
1.e4 c5
2.c3 Ng8f6
3.e5 Nf6d5
4.d4 cxd4
5.Bf1c4 Nd5b6
6.Bc4b3 Nb8c6
7.Ng1f3 d5
8.exd6 Qd8xd6
9.O-O e6
10.Nf3xd4 Bc8d7
11.Nd4b5 Qd6xd1
12.Rf1xd1 O-O-O
13.Bc1f4 Bf8e7
14.Bf4d6 Be7f6
15.Bd6g3 Bf6e7
16.Nb1a3 a6
17.Nb5d6 Be7xd6
18.Bg3xd6 f6
19.Na3c4 Nb6xc4
20.Bb3xc4 Rh8e8
21.Rd1d2 Nc6a5
22.Bc4e2 Bd7c6
23.Ra1d1 Bc6e4
24.f3 Be4g6
25.Bd6g3 Rd8xd2
26.Rd1xd2 e5
27.Bg3f2 Kc7
28.Bf2g3 Na5c6
29.f4 Re8d8
30.Rd2xd8 Kxd8
31.fxe5 Nc6xe5
32.Bg3xe5 fxe5
33.Kf2 Ke7
34.Ke3 Kd6
35.Be2d3 Bg6xd3
36.Kxd3 b5
37.Ke4 a5
38.b3 Ke6
39.a3 a4
40.b4 Kd6
41.g3 Ke6
42.h3 Kd6
43.g4 Ke6
44.h4 g6
45.h5 gxh5
46.gxh5 h6
47.c4 bxc4
48.b5 Kd6
{ resign }
0-1

[Event "Tourn. n8002"]
[Site "www.chess-mail.com"]
[Date "2015.02.27"]
[Round "1"]
[White "Osopanda"]
[Black "Blackpool"]
[WhiteElo "2020"]
[BlackElo "1840"]
[Result "0-1"]
[Round "1"]
1.c4 e6
2.d4 d5
3.Nb1c3 Ng8f6
4.Ng1f3 Bf8e7
5.e3 O-O
6.cxd5 exd5
7.Bf1d3 Nb8c6
8.O-O Rf8e8
9.Rf1e1 a6
10.a3 h6
11.e4 Nf6xe4
12.Nc3xe4 dxe4
13.Bd3xe4 Bc8d7
14.d5 Nc6b8
15.Bc1f4 Bd7g4
16.Qd1c2 Be7d6
17.Be4h7 Kh8
18.Re1xe8 Qd8xe8
19.Bf4xd6 cxd6
20.Bh7e4 Nb8d7
21.Nf3d4 Ra8c8
22.Be4f3 Rc8xc2
23.Nd4xc2 Bg4xf3
24.gxf3 Qe8e2
25.Nc2e3 Qe2xf3
26.Ra1c1 Nd7c5
27.b4 Nc5e4
28.Rc1c8 Kh7
29.Rc8c7 Qf3xf2
30.Kh1 Qf2xe3
{ resign }
0-1

[Event "Tourn. n8048"]
[Site "www.chess-mail.com"]
[Date "2015.02.27"]
[Round "1"]
[White "Colchester"]
[Black "Groz"]
[WhiteElo "1870"]
[BlackElo "1809"]
[Result "1-0"]
[Round "1"]
1.Ng1f3 Ng8f6
2.c4 g6
3.g3 Bf8g7
4.Bf1g2 O-O
5.Nb1c3 d5
6.cxd5 Nf6xd5
7.O-O c6
8.d4 Nd5xc3
9.bxc3 Nb8a6
10.Bc1b2 Bc8f5
11.Nf3e5 Ra8b8
12.e4 Bf5c8
13.f4 c5
14.d5 b5
15.Ne5c6 { resign }
1-0

[Event "Tourn. n8114"]
[Site "www.chess-mail.com"]
[Date "2015.02.27"]
[Round "1"]
[White "Dominiquer"]
[Black "Kesalon"]
[WhiteElo "1740"]
[BlackElo "1830"]
[Result "1-0"]
[Round "1"]
1.e4 e5
2.Ng1f3 Nb8c6
3.Bf1c4 Bf8c5
4.b4 Bc5xb4
5.c3 Bb4a5
6.d4 exd4
7.O-O dxc3
8.Qd1b3 Qd8e7
9.Nb1xc3 Ba5xc3
10.Qb3xc3 f6
11.Qc3b3 Ng8h6
12.Bc1xh6 gxh6
13.Nf3h4 Nc6a5
14.Qb3c3 Na5xc4
15.Qc3xc4 d6
16.Rf1e1 Rh8g8
17.Qc4xg8 { resign }
1-0

[Event "Tourn. n8077"]
[Site "www.chess-mail.com"]
[Date "2015.02.27"]
[Round "1"]
[White "Faerieking"]
[Black "Aperturaf"]
[WhiteElo "2220"]
[BlackElo "2330"]
[Result "0-1"]
[Round "1"]
1.e4 e6
2.d4 d5
3.Nb1c3 Bf8b4
4.e5 c5
5.a3 Bb4a5
6.b4 cxd4
7.Nc3b5 Ba5c7
8.f4 Bc8d7
9.Qd1g4 g6
10.Ng1f3 a5
11.Bc1b2 axb4
12.axb4 Ra8xa1
13.Bb2xa1 Nb8c6
14.Bf1d3 Nc6xb4
15.Nb5xc7 Qd8xc7
16.Nf3xd4 Nb4xd3
17.cxd3 Qc7c1
18.Qg4d1 Qc1xf4
19.Nd4f3 Ng8e7
20.O-O Qf4e3
21.Kh1 Bd7b5
{ resign }
0-1

[Event "Tourn. n8115"]
[Site "www.chess-mail.com"]
[Date "2015.02.27"]
[Round "1"]
[White "Krasin"]
[Black "Sebolix"]
[WhiteElo "2320"]
[BlackElo "2690"]
[Result "1/2-1/2"]
[Round "1"]
1.g3 e6
2.Bf1g2 d5
3.Ng1f3 f5
4.d3 Ng8f6
5.O-O c6
6.b3 Bf8d6
7.Bc1b2 Qd8e7
8.Nb1d2 f4
9.Nf3e5 fxg3
10.hxg3 O-O
11.e4 Bd6a3
12.Qd1c1 Ba3xb2
13.Qc1xb2 Nb8d7
14.Ne5xd7 { draw }
1/2-1/2

[Event "Tourn. n8102"]
[Site "www.chess-mail.com"]
[Date "2015.02.27"]
[Round "1"]
[White "Neo"]
[Black "Sorren"]
[WhiteElo "1710"]
[BlackElo "1830"]
[Result "0-1"]
[Round "1"]
1.d4 Ng8f6
2.e3 d5
3.Bf1d3 e6
4.Ng1f3 c5
5.Bd3b5 Bc8d7
6.Bb5xd7 Nb8xd7
7.O-O Bf8d6
8.c3 O-O
9.b4 cxb4
10.cxb4 Bd6xb4
11.Bc1a3 Bb4xa3
12.Nb1xa3 Qd8a5
13.Qd1d3 Ra8c8
14.Na3b5 a6
15.Nb5d6 Rc8c3
16.Qd3b1 b5
17.Nf3e5 Qa5b6
18.Qb1b4 Rc3c6
19.Ne5xd7 Nf6xd7
20.Nd6xf7 Rf8xf7
21.Rf1c1 Rc6xc1
22.Ra1xc1 h6
23.Rc1c8 Kh7
24.Qb4b1 g6
25.h4 Rf7f8
26.Rc8xf8 Nd7xf8
27.h5 a5
28.hxg6 Nf8xg6
29.a4 b4
30.g3 b3
31.Kg2 Qb6b4
32.g4 Qb4xa4
33.Kg3 Qa4a2
34.Qb1d3 b2
35.Qd3c2 b1Q
36.Qc2xa2 Qb1xa2
{ resign }
0-1

[Event "Tourn. n8062"]
[Site "www.chess-mail.com"]
[Date "2015.02.27"]
[Round "1"]
[White "Groz"]
[Black "Cardiff"]
[WhiteElo "1809"]
[BlackElo "1940"]
[Result "1/2-1/2"]
[Round "1"]
1.d4 d5
2.c4 dxc4
3.Nb1c3 a6
4.a4 e6
5.e4 c5
6.Ng1f3 cxd4
7.Qd1xd4 Qd8xd4
8.Nf3xd4 e5
9.Nd4f3 Nb8c6
10.Bf1xc4 Bf8b4
11.Bc1d2 Bc8g4
12.Bc4d5 Ng8e7
13.Bd5xc6 Ne7xc6
14.Nc3e2 Bg4xf3
15.gxf3 O-O-O
16.Bd2c3 Bb4xc3
17.bxc3 f6
18.Ra1d1 Rd8xd1
19.Kxd1 Rh8d8
{ draw }
1/2-1/2

[Event "Tourn. n7987"]
[Site "www.chess-mail.com"]
[Date "2015.02.27"]
[Round "1"]
[White "Gatrooper"]
[Black "Passaroa25"]
[WhiteElo "1480"]
[BlackElo "1490"]
[Result "0-1"]
[Round "1"]
1.e4 e6
2.d4 Ng8e7
3.e5 Ne7g6
4.Nb1c3 c6
5.a3 d5
6.h3 Bf8e7
7.Ng1f3 h6
8.Bf1d3 Be7g5
9.Bc1xg5 hxg5
10.Bd3xg6 fxg6
11.Qd1d2 Rh8h5
12.O-O-O Nb8d7
13.g4 Rh5h4
14.Nf3xh4 gxh4
15.f4 Nd7f8
16.Rh1f1 Bc8d7
17.g5 Qd8e7
18.Kb1 O-O-O
19.Nc3a4 Kb8
20.b3 Bd7e8
21.b4 b5
 { time }
0-1

[Event "Tourn. n8061"]
[Site "www.chess-mail.com"]
[Date "2015.02.27"]
[Round "1"]
[White "Fjpv"]
[Black "Aperturaf"]
[WhiteElo "2590"]
[BlackElo "2300"]
[Result "1/2-1/2"]
[Round "1"]
1.e4 e6
2.d4 d5
3.e5 c5
4.c3 Nb8c6
5.Ng1f3 Qd8b6
6.a3 f6
7.b4 fxe5
8.bxc5 Qb6a5
9.dxe5 Bf8xc5
10.Bf1d3 Ng8e7
11.O-O O-O
12.Bc1b2 Qa5c7
13.Qd1e2 Rf8xf3
14.Qe2xf3 Nc6xe5
15.Bd3xh7 Kxh7
16.Qf3h5 Kg8
17.Qh5e8 { draw }
1/2-1/2

[Event "Tourn. n8014"]
[Site "www.chess-mail.com"]
[Date "2015.02.27"]
[Round "1"]
[White "Woodpusher2"]
[Black "Jaroslavpech"]
[WhiteElo "2510"]
[BlackElo "2330"]
[Result "1-0"]
[Round "1"]
1.e4 c5
2.Nb1c3 Nb8c6
3.Ng1f3 e5
4.Bf1c4 Bf8e7
5.d3 d6
6.O-O Ng8f6
7.Bc1g5 O-O
8.Bg5xf6 Be7xf6
9.Nc3d5 g6
10.c3 Bf6g7
11.Qd1e2 Bc8d7
12.Nd5e3 a6
13.a4 Ra8b8
14.Bc4d5 Kh8
15.Ne3c4 b5
16.axb5 axb5
17.Nc4e3 f5
{ time. }
1-0

[Event "Tourn. n7986"]
[Site "www.chess-mail.com"]
[Date "2015.02.27"]
[Round "1"]
[White "Julian"]
[Black "Difficult"]
[WhiteElo "1900"]
[BlackElo "1900"]
[Result "0-1"]
[Round "1"]
1.e4 c6
2.d4 g6
3.f4 Bf8g7
4.Ng1f3 d5
5.e5 Ng8h6
6.Bc1e3 Nh6f5
7.Be3f2 e6
8.c4 dxc4
9.Bf1xc4 O-O
10.Nb1c3 Nb8d7
11.g4 Nf5e7
12.Qd1d3 Nd7b6
13.Bc4b3 Ne7d5
14.Nc3xd5 exd5
15.h3 a5
16.a4 Rf8e8
17.O-O-O Qd8c7
18.Kb1 Bc8e6
19.f5 Be6d7
20.fxg6 hxg6
21.Rd1c1 Qc7d8
22.Bf2h4 Qd8c7
23.Bh4g3 Bd7e6
24.Nf3g5 Qc7d7
25.Rc1g1 Ra8c8
26.Bg3e1 c5
27.dxc5 Rc8xc5
28.Ng5xe6 Qd7xe6
29.Be1f2 Qe6xe5
30.Qd3d2 Nb6c4
31.Bb3xc4 Rc5xc4
32.Bf2g3 Qe5e4
33.Ka2 Rc4xa4
{ resign }
0-1

[Event "Match"]
[Site "www.echecsemail.com"]
[Date "2015.02.27"]
[Round "1"]
[White "Joseph1983"]
[Black "Nestor"]
[WhiteElo "2110"]
[BlackElo "2090"]
[Result "1-0"]
[Round "1"]
1.d4 d5
2.c4 Nb8c6
3.e3 e5
4.dxe5 d4
5.a3 Bc8f5
6.Ng1f3 dxe3
7.Qd1xd8 Ra8xd8
8.Bc1xe3 g6
9.Nb1c3 Bf8g7
10.Be3f4 Ng8e7
11.Bf1e2 O-O
12.O-O Nc6d4
13.Nf3xd4 Rd8xd4
14.Bf4e3 Rd4d7
15.f4 Rf8d8
16.Rf1d1 Bf5c2
17.Rd1xd7 Rd8xd7
18.Ra1c1 Bc2b3
19.Nc3e4 Ne7f5
20.Ne4c5 Rd7d8
21.Kf2 Bb3a2
22.Nc5xb7 Rd8b8
23.Be2f3 Nf5xe3
24.Kxe3 Kf8
25.b4 Ke7
26.Nb7a5 f6
27.Na5c6 { resign }
1-0

[Event "Match"]
[Site "www.echecsemail.com"]
[Date "2015.02.27"]
[Round "1"]
[White "Bbking"]
[Black "F14"]
[WhiteElo "1540"]
[BlackElo "1850"]
[Result "1/2-1/2"]
[Round "1"]
1.e4 c5
2.Ng1f3 Nb8c6
3.d4 cxd4
4.Nf3xd4 d6
5.Nd4xc6 bxc6
6.Nb1c3 Bc8b7
7.Bc1f4 Ng8f6
8.Bf1d3 e5
9.Bf4g5 Bf8e7
10.Bg5xf6 Be7xf6
11.O-O O-O
12.a4 d5
13.exd5 cxd5
14.a5 e4
15.Bd3b5 Bf6xc3
16.bxc3 Qd8c7
17.c4 dxc4
18.a6 Bb7c6
{ draw }
1/2-1/2

[Event "Match"]
[Site "www.echecsemail.com"]
[Date "2015.02.27"]
[Round "1"]
[White "F14"]
[Black "Generalfree"]
[WhiteElo "1820"]
[BlackElo "1820"]
[Result "0-1"]
[Round "1"]
1.e4 e5
2.d4 exd4
3.c3 dxc3
4.Bf1c4 Ng8f6
5.Nb1xc3 Bf8c5
6.Bc1g5 Bc5xf2
7.Kxf2 d5
8.Bg5xf6 Qd8xf6
9.Ng1f3 dxc4
10.Qd1a4 Qf6c6
11.Qa4b4 Bc8e6
12.Nf3d4 a5
13.Nd4xc6 axb4
14.Nc3d5 Be6xd5
15.exd5 bxc6
16.dxc6 Nb8xc6
17.Rh1c1 Nc6e5
18.g3 Ne5d3
{ resign }
0-1

[Event "Match"]
[Site "www.echecsemail.com"]
[Date "2015.02.27"]
[Round "1"]
[White "Pare123"]
[Black "Delacey"]
[WhiteElo "1980"]
[BlackElo "1860"]
[Result "0-1"]
[Round "1"]
1.c4 e5
2.Nb1c3 Ng8f6
3.e4 Bf8c5
4.Ng1f3 Nf6g4
5.h3 Ng4xf2
6.Qd1e2 Nf2xh1
7.d4 exd4
8.Nc3a4 d3
9.Qe2xd3 Bc5f2
10.Ke2 Bf2g3
11.Bc1e3 Qd8e7
12.Na4c3 O-O
13.Nc3d5 Qe7d6
14.c5 Qd6a6
15.Qd3xa6 Nb8xa6
16.Ra1c1 c6
17.Nd5e7 Kh8
18.Ne7f5 Bg3c7
19.e5 d5
20.Nf3d4 Bc7xe5
21.Kf3 Bc8xf5
22.Nd4xf5 g6
23.Nf5d4 Nh1g3
24.Bf1d3 Ng3h5
25.g4 Nh5g7
26.Bd3xa6 bxa6
27.Nd4xc6 Be5xb2
28.Rc1c2 Bb2f6
29.Be3f4 Ng7e6
30.Nc6b4 Ne6d4
{ resign }
0-1

[Event "Match"]
[Site "www.echecsemail.com"]
[Date "2015.02.27"]
[Round "1"]
[White "Bbking"]
[Black "Cogesq"]
[WhiteElo "1500"]
[BlackElo "1499"]
[Result "1-0"]
[Round "1"]
1.e4 e5
2.Ng1f3 Nb8c6
3.Bf1b5 Ng8f6
4.Bb5xc6 dxc6
5.Nb1c3 Bf8c5
6.d3 Bc8g4
7.h3  { time }
1-0

[Event "Match"]
[Site "www.echecsemail.com"]
[Date "2015.02.27"]
[Round "1"]
[White "Generalfree"]
[Black "Gimmyg"]
[WhiteElo "1780"]
[BlackElo "1729"]
[Result "0-1"]
[Round "1"]
1.e4 Nb8c6
2.Ng1f3 f5
3.exf5 d5
4.Nf3h4 Ng8h6
5.Qd1h5 g6
6.fxg6 hxg6
7.Nh4xg6 Bc8g4
8.Qh5g5 Rh8g8
9.h3 Bg4f5
10.d3 Rg8xg6
11.Qg5h5 Qd8d6
12.Bc1xh6 Bf8xh6
13.Qh5xf5 Rg6g5
14.Qf5f3 Nc6d4
15.Qf3d1 Rg5e5
16.Bf1e2 Re5xe2
17.Kf1 Qd6f6
18.f3 Qf6g5
19.Rh1g1 Qg5e3
{ resign }
0-1

[Event "Match"]
[Site "www.echecsemail.com"]
[Date "2015.02.27"]
[Round "1"]
[White "Yangqi"]
[Black "Norbos"]
[WhiteElo "1599"]
[BlackElo "1690"]
[Result "1-0"]
[Round "1"]
1.e4 e5
2.f4 Nb8c6
3.Ng1f3 d6
4.Bf1b5 Qd8e7
5.O-O Bc8g4
6.h3 Bg4xf3
7.Qd1xf3 g5
8.fxg5 O-O-O
9.Bb5xc6 bxc6
10.d3 h6
11.Qf3xf7 Qe7xg5
12.Bc1xg5 { resign }
1-0

[Event "Match"]
[Site "www.echecsemail.com"]
[Date "2015.02.27"]
[Round "1"]
[White "Pariolinius"]
[Black "Andychesston"]
[WhiteElo "1770"]
[BlackElo "1760"]
[Result "1/2-1/2"]
[Round "1"]
1.d4 d5
2.Ng1f3 Nb8c6
3.e3 Bc8g4
4.Bf1e2 Ng8f6
5.O-O a6
6.c4 e6
7.Nb1c3 Bf8b4
8.Bc1d2 O-O
9.a3 Bb4xc3
10.Bd2xc3 Nf6e4
11.Bc3e1 Nc6e7
12.Be1b4 c6
13.Qd1c2 h6
14.h3 Bg4h5
15.c5 Bh5g6
16.Qc2b3 Qd8c7
17.Nf3e5 f6
18.Ne5xg6 Ne7xg6
19.Be2g4 f5
20.Bg4h5 Ng6e7
21.Qb3a4 g6
22.Bh5e2 a5
23.Bb4c3 Ne4xc3
24.bxc3 e5
25.Ra1b1 e4
26.f4 Rf8b8
27.Rb1b6 Ne7c8
28.Rb6b1 b5
29.Qa4c2 a4
30.g4 Nc8e7
31.Rf1f2 Rb8f8
32.Rf2g2 Kf7
33.h4 g5
34.hxg5 Qc7d7
35.gxh6 Rf8h8
36.g5 Ra8g8
37.Kf2 Ke6
38.Rb1h1 Ne7g6
39.Be2h5 Qd7f7
40.Qc2e2 Rh8h7
41.Bh5xg6 Rg8xg6
42.Qe2b2 Qf7d7
43.Qb2b4 Qd7a7
44.Qb4b1 Qa7a5
45.Qb1c2 Qa5a8
46.Qc2d2 Qa8a5
{ draw }
1/2-1/2